Soulslikes - Statistics

General Stats
  • This quiz has been taken 52 times
    36 since last reset
  • The average score is 5 of 17
Answer Stats
Hint Answer % Correct
Based on Carlo Collodi's Pinocchio, of all things. Lies of p
97%
Based on the 1592 Chinese story Journey to the West. Black Myth: Wukong
81%
You play as a plague doctor named 'Corvus'. Thymesia
39%
You play as a Hermit Crab trying to reclaim his stolen shell. Another Crabs Treasure
35%
You play as an android named Eve. Whose design was rather controversial. Stellar Blade
35%
It's split between 2 realms. Axiom, the living world and Umbral, world of the dead. Lords of the Fallen (2023)
32%
You play as an Irishman named William in Ancient Japan. Based on a real guy. Nioh 1 & 2
32%
You possess the bodies of fallen warriors with preset loadouts. Mortal Shell
26%
Fight undead vampiric enemies in a post-apocolyptic world. With Anime girls. Code Vein
23%
Takes place during the French Revolution, but there's robots. Steelrising
23%
You wear a mech suit and fight robots in a dystopian future. The Surge 1 & 2
19%
Takes place in Han Dynasty China. Made by the same team as the previous game. Wo Long: Fallen Dynasty
19%
An evil plant species called 'The root' has destroyed the world. Remnant 1 & 2
13%
Takes place in a sunless world with (Literally) faceless characters. Ashen
10%
Fight Demons on a space station that orbits a black hole. Hellpoint
6%
With each death, your age increases. Technically a prequel to a previous answer. Chronos: Before the ashes
3%
You fight Gods with the help of a small fox-like being who is also a God. Flintlock: The Siege of Dawn
3%
No matching quizzes found
Score Distribution
Percent of People with Each Score
Percentile by Number Answered
Your Score History
You have not taken this quiz since the last reset